Normal view
MARC view
Entry Personal Name
001 - CONTROL NUMBER
- control field: 11581
003 - CONTROL NUMBER IDENTIFIER
- control field: BD-RjUL
005 - DATE AND TIME OF LATEST TRANSACTION
- control field: 20240208145502.0
008 - FIXED-LENGTH DATA ELEMENTS
- fixed length control field: 240208|| aca||aabn | a|a d
040 ## - CATALOGING SOURCE
- Original cataloging agency: BD-RjUL
- Transcribing agency: BD-RjUL
100 ## - HEADING--PERSONAL NAME
- Personal name: Al-Hashemi, Muhammad bin Ahmed ;; :الهاشمي، محمد بن أحمد
670 ## - SOURCE DATA FOUND
- Source citation: Work cat.: (BD-RjUL)83020: Al-Hashemi, Muhammad bin Ahmed ;; :الهاشمي، محمد بن أحمد., التوضيحات الجلية في شرح الآجرومية ;; altawdihat aljaliat fi sharh alajrumia /, 1967